Statistics for African Geography Decoder

Click here to take the quiz!

General Stats

  • This quiz has been taken 89 times
  • The average score is 13 of 18

Answer Stats

ClueAnswer% Correct
CCountry - landlocked, 4 letters, due west of SudanChad
100%
ESuez Canal is in this countryEgypt
98%
PNorthern most capital of South AfricaPretoria
93%
FCapital of Sierra LeoneFreetown
91%
ACapital of GhanaAccra
90%
EAsmara is its capitalEritrea
89%
HCapital of ZimbabweHarare
88%
ECountry - named for its zero degrees latitudeEquatorial Guinea
85%
GConakry is its capitalGuinea
85%
TFamous destination in MaliTimbuktu
82%
Final African LocationThe Cape of Good Hope
80%
DThird largest city in South AfricaDurban
76%
OMediterranean coastal city in AlgeriaOran
63%
PFifth largest city in South AfricaPort Elizabeth
46%
HAswan .... DamHigh
35%
OFormer name of Free State Province Sth AfricaOrange Free State
32%
OInland delta in BotswanaOkavango
29%
OSudanese city across the Nile from KhartoumOmdurman
16%

Score Distribution

Percentile by Number Answered

Percent of People with Each Score

Your Score History

You have not taken this quiz